[Event "Llinars del Valles op-B 13th"]
[Site "Llinars del Valles"]
[Date "2019.06.15"]
[Round "8"]
[White "Ros Roger, Alexandre"]
[Black "Beltran Vidal, Daniel"]
[Result "1-0"]
[WhiteElo "1653"]
[BlackElo "1652"]
[PlyCount "81"]
[EventDate "2019.03.30"]
[EventType "swiss"]
[EventRounds "8"]
[EventCountry "ESP"]
[SourceTitle "EXT 2021"]
[Source "ChessBase"]
[SourceDate "2020.10.23"]
[SourceVersion "1"]
[SourceVersionDate "2020.10.23"]
[SourceQuality "1"]

1. d4 Nf6 2. c4 e6 3. Nf3 d5 4. Nc3 Be7 5. Bg5 0-0 6. e3 c5 7. Be2 Nbd7 8. 0-0 dxc4 9. Bxc4 Nb6 10. Bb3 Nfd5 11. Bxe7 Qxe7 12. Nxd5 exd5 13. dxc5 Qxc5 14. Rc1 Qd6 15. Nd4 Bd7 16. Qf3 Rac8 17. Rfd1 Rxc1 18. Rxc1 Bc6 19. Qg4 Qf6 20. Qf5 Qd6 21. h4 Bd7 22. Qf3 Bc6 23. Qf5 Nd7 24. Qc2 Nb8 25. Qd3 g6 26. Nb5 Qd7 27. Nxa7 Rd8 28. Nxc6 bxc6 29. Qd4 Qd6 30. Rd1 Nd7 31. e4 Nc5 32. Bc2 Ne6 33. Qf6 d4 34. e5 Qd7 35. h5 d3 36. Rxd3 Nd4 37. h6 Kf8 38. Qg7+ Ke7 39. Qf6+ Ke8 40. Bb3 Qf5 41. Bxf7+ 1-0